Liedtext - Eule - Jan Delay feat. Marteria - Statistiken

Allgemein
  • Dieses Quiz wurde 54 mal gespielt
  • Das Durchschnittsergebnis liegt bei 199 aus 340
Antwortstatistiken
Textquiz % Korrekt
Eule
93%
der
86%
im
82%
ist
82%
Ist
82%
Sie
82%
sie
82%
und
82%
Und
82%
wenn
82%
Die
80%
die
80%
Dann
77%
dann
77%
das
77%
immer
75%
’ne
75%
'ne
75%
zu
75%
den
73%
nach
73%
ihr
70%
Ihr
70%
Nacht
70%
Vor
70%
ein
68%
eine
68%
Eine
68%
Mond
68%
nicht
68%
Tag
68%
hat
66%
Hat
66%
scheint
66%
wir
66%
Ab
61%
Aber
61%
für
61%
so
61%
zum
61%
all
59%
In
59%
in
59%
kleine
59%
noch
59%
wach
59%
haben
57%
Ja
57%
mal
57%
sind
57%
was
57%
will
57%
am
55%
Am
55%
doch
55%
Doch
55%
mit
55%
Mit
55%
Nur
55%
nur
55%
Showtime
55%
Tage
55%
auf
52%
dunkel
52%
kein
52%
Keine
52%
nachts
52%
Nachts
52%
öde
52%
alles
50%
Alles
50%
man
50%
Kann
48%
komm'n
48%
Menschen
48%
ruhig
48%
schlafen
48%
Vögel
48%
mag
45%
sich
45%
Stadt
45%
über
45%
Vorschein
45%
Jahre
43%
Jedes
43%
Kind
43%
Tageslicht
43%
allein
41%
auch
41%
aus
41%
fliegt
41%
Leben
41%
oder
41%
still
41%
Straßen
41%
tun
41%
gesagt
39%
lassen
39%
nehmen
39%
paar
39%
Tagsüber
39%
Zeit
39%
erste
36%
Flügel
36%
Kraft
36%
Millionen
36%
zehn
36%
zusammen
36%
geh’n
34%
großen
34%
liegt
34%
nehmt
34%
Ruhe
34%
Sieht
34%
Tauben
34%
weiß
34%
Adleraugen
32%
Frankfurt
32%
gefedert
32%
leeren
32%
Spatzen
32%
Ultras
32%
wilde
32%
Bull
30%
mancher
30%
Red
30%
Spießer
30%
Trifft
30%
trifft
30%
verleiht
30%
Funkeln
27%
gegen
27%
genießt
27%
geteert
27%
Jäger
27%
Schokoladenseite
27%
Schönes
27%
Wohl
27%
andre
25%
Bussard
25%
Kopf
25%
Übel
25%
verdreht
25%
Wahrheit
25%
allerbeste
23%
Energie
23%
Faust
23%
Lüge
23%
schräge
23%
Treibstoff
23%
Kollegen
20%
Lichtermeer
20%
einfach
18%
Hafen
18%
Käfige
18%
läuft
18%
Spacken
18%
süchtig
18%
zwischen
18%
Dirty
16%
dreht
16%
Hasen
16%
Klavier
16%
spiel'n
16%
Verdammt
16%
Ol'
11%
Papers
11%
Keine übereinstimmenden Quizze gefunden
Verteilung der Resultate
Anzahl Personen mit jedem Resultat
Perzentil nach korrekt beantworteten Fragen
Ihre Resultats-Entwicklung
Sie haben dieses Quiz noch nicht gespielt